Contemporary ergonomics 1988 : proceedings of the Ergonomics Society's 1988 Annual Conference, Manchester, England, 11-15 April 1988 : "ergonomics giving quality to life"
Αποθηκεύτηκε σε:
| Συγγραφή απο Οργανισμό/Αρχή: | |
|---|---|
| Άλλοι συγγραφείς: | |
| Μορφή: | Βιβλίο |
| Γλώσσα: | English |
| Δημοσίευση: |
London : New York :
Taylor & Francis,
1988
|
| Θέματα: | |
| Ετικέτες: |
Προσθήκη ετικέτας
Δεν υπάρχουν, Καταχωρήστε ετικέτα πρώτοι!
|
MARC
| LEADER | 00000nam a2200000 i 4500 | ||
|---|---|---|---|
| 001 | 1/27254 | ||
| 008 | 960119s1988 eng d | ||
| 020 | |a 0850664101 | ||
| 035 | |l 10022823 | ||
| 040 | |a GR-MY-UA |b gre |e aacr | ||
| 041 | 0 | |a eng | |
| 082 | 0 | |a 620.82 | |
| 110 | 1 | |a Ergonomics Society (Great Britain) |b Conference. | |
| 245 | 1 | 0 | |a Contemporary ergonomics 1988 : |b proceedings of the Ergonomics Society's 1988 Annual Conference, Manchester, England, 11-15 April 1988 : "ergonomics giving quality to life" / |c edited by E.D. Megaw |
| 260 | |a London : |a New York : |b Taylor & Francis, |c 1988 | ||
| 300 | |a xiv, 556 p.; |b ill.; |c 23 cm | ||
| 504 | |a Includes bibliographical references and indexes | ||
| 650 | 0 | 0 | |a Human engineering |x Congresses. |
| 700 | 1 | |a Megaw, E. D. | |
| 852 | |a INST |b CHIOS |e 19960119 |h 620.82 CON |p 005200004113 |q 005200004113 |t BK |y 0 | ||
| 909 | |a Χ |b 026462 | ||